00701nam a2200241 a 4500001001300000003000900013005001700022008004100039020002300080082001500103100002100118245002600139260003900165300000900204500003500213505002400248650001800272700002100290902000800311942000700319952011600326999001700442nice12345678IN_TiNIC20260116014117.0080108s1999 dela grp 000 0 eng  a8120816927 c36500a294.5bDAV aDavis, Richard H aLives on Indian Image aDelhi bMotilal Banarsidass c1999 a331p aincludes index and biblioraphy2 abibliography, Index aGods-Hinduism1 aDavis, Richard H bSRS cBK 001040708StackRoom-aHMIbHMId2008-01-08g365.00l0o294.5 DAVp022216r2008-01-08v365.00w2008-01-08yBK c13916d13916